[Event "Chigorin Memorial 2019"]
[Site "St Petersburg RUS"]
[Date "2019.10.10"]
[Round "6.124"]
[White "Lysenko, Olesya"]
[Black "Pestryakov, Nikita"]
[Result "0-1"]
[WhiteElo "1706"]
[BlackElo "1978"]
[WhiteFideId "34106100"]
[BlackFideId "44130546"]
[EventDate "2019.10.05"]

1. e4 e6 2. d4 d5 3. exd5 exd5 4. c4 Nf6 5. Nc3 Bb4 6. Qb3 Qe7+ 7. Be3 Nc6 8. a3
Nxd4 9. Qd1 Bxc3+ 10. bxc3 Nf5 11. Qf3 Nxe3 12. fxe3 Be6 13. Nh3 dxc4 14. Nf4
Bg4 15. Qxb7 Qxe3+ 16. Be2 O-O 0-1

[Event "Chigorin Memorial 2019"]
[Site "St Petersburg RUS"]
[Date "2019.10.10"]
[Round "6.125"]
[White "Makhno, Maria"]
[Black "Zakharov, Yuri"]
[Result "1/2-1/2"]
[WhiteElo "1960"]
[BlackElo "1600"]
[WhiteFideId "24173479"]
[BlackFideId "4166620"]
[EventDate "2019.10.05"]

1. c4 e5 2. Nc3 Nc6 3. Nf3 f5 4. e3 Nf6 5. a3 e4 6. Ng1 Be7 7. Nge2 O-O 8. Nf4
Ne5 9. Be2 c6 10. O-O Kh8 11. b4 d6 12. Bb2 Qe8 13. d4 Ng6 14. Nh5 Be6 15. d5
Bg8 16. Rc1 Nxh5 17. Bxh5 Bf7 18. Bxg6 Bxg6 19. Qd2 Qf7 20. Ne2 cxd5 21. cxd5
Rfc8 22. Nf4 Bf6 23. Rxc8+ Rxc8 24. Rc1 Rxc1+ 25. Qxc1 Bxb2 26. Qxb2 Qf6 27.
Qxf6 gxf6 28. Kf1 Bf7 29. Ke2 Kg8 1/2-1/2

[Event "Chigorin Memorial 2019"]
[Site "St Petersburg RUS"]
[Date "2019.10.10"]
[Round "6.126"]
[White "Vorontsov, Dmitry"]
[Black "Yudkevich, Mikhail"]
[Result "0-1"]
[WhiteElo "1683"]
[BlackElo "1954"]
[WhiteFideId "24156892"]
[BlackFideId "4134486"]
[EventDate "2019.10.05"]

1. e4 c5 2. Nf3 Nf6 3. Nc3 Nc6 4. d4 cxd4 5. Nxd4 d6 6. Be2 e6 7. Be3 a6 8. Qd2
Bd7 9. O-O Nxd4 10. Qxd4 Be7 11. f4 Bc6 12. Bf3 O-O 13. Rad1 b5 14. a3 Qc8 15.
e5 Bxf3 16. Rxf3 dxe5 17. fxe5 Rd8 18. Qf4 Rxd1+ 19. Nxd1 Nd5 20. Qxf7+ Kh8 21.
Rg3 Qg8 22. Qxg8+ Kxg8 23. Bh6 Bc5+ 24. Ne3 Ra7 25. Kf1 Rf7+ 26. Ke1 Bd4 27. c3
Bxe5 28. Rg4 Nf6 29. Rg5 Bxh2 30. Ng4 Bg3+ 31. Ke2 Ne4 32. Nf6+ Rxf6 33. Rxg7+
Kh8 0-1

[Event "Chigorin Memorial 2019"]
[Site "St Petersburg RUS"]
[Date "2019.10.10"]
[Round "6.127"]
[White "Tskhadadze, Anna"]
[Black "Reger, Valeriia"]
[Result "1/2-1/2"]
[WhiteElo "1941"]
[BlackElo "1599"]
[WhiteFideId "4165098"]
[BlackFideId "34175528"]
[EventDate "2019.10.05"]

1. d4 Nf6 2. Bf4 e6 3. e3 c5 4. c3 d5 5. Nd2 Nc6 6. Bd3 Bd6 7. Bg3 O-O 8. Ngf3
b6 9. Ne5 Bb7 10. f4 Ne7 11. O-O Nf5 12. Bf2 Be7 13. g4 Nd6 14. Qf3 Nfe4 15.
Bxe4 dxe4 16. Qg2 f6 17. Nec4 Nxc4 18. Nxc4 Qd5 19. b3 cxd4 20. cxd4 Ba6 21.
Rfc1 Rac8 22. h4 Bxc4 23. bxc4 Rxc4 24. Rxc4 Qxc4 25. Qxe4 Bd6 26. g5 e5 27.
gxf6 exf4 28. fxg7 Kxg7 29. exf4 Rxf4 30. Qg2+ Kh8 31. Kh1 h5 32. Qg5 Qf7 33.
Qh6+ Qh7 34. Qxh7+ Kxh7 35. Kg2 Kg6 36. Rc1 1/2-1/2

[Event "Chigorin Memorial 2019"]
[Site "St Petersburg RUS"]
[Date "2019.10.10"]
[Round "6.128"]
[White "Zakharova, Viktoriya"]
[Black "Fedorov, Egor"]
[Result "0-1"]
[WhiteElo "1939"]
[BlackElo "1489"]
[WhiteFideId "24183890"]
[BlackFideId "44126565"]
[EventDate "2019.10.05"]

1. e4 e5 2. Nf3 Nc6 3. Bb5 a6 4. Ba4 Nf6 5. d3 b5 6. Bb3 Bc5 7. Be3 Ba7 8. a3
O-O 9. O-O d5 10. Bxa7 Rxa7 11. Nc3 d4 12. Ne2 Qe7 13. Ng3 g6 14. Rc1 Na5 15.
Ba2 c5 16. Qd2 Nc6 17. Qg5 Kh8 18. h3 Be6 19. Bb1 Nd7 20. Qxe7 Nxe7 21. Ng5 Nb6
22. Nxe6 fxe6 23. Ba2 c4 24. Ne2 g5 25. Rfd1 Ng6 26. c3 Rd7 27. cxd4 exd4 28.
Ng3 Rc8 29. Kf1 Nf4 30. Bb1 Na4 31. Rc2 Rdc7 32. Rcd2 cxd3 33. Ba2 Rc2 34. Bb3
Rxd2 35. Rxd2 Rc1+ 36. Rd1 Rxd1+ 37. Bxd1 Nxb2 38. Ke1 Nxg2+ 39. Kd2 Nxd1 0-1

[Event "Chigorin Memorial 2019"]
[Site "St Petersburg RUS"]
[Date "2019.10.10"]
[Round "6.129"]
[White "Matveev, Ivan A."]
[Black "Sorin, Boris"]
[Result "0-1"]
[WhiteElo "1674"]
[BlackElo "1937"]
[WhiteFideId "24262790"]
[BlackFideId "24125229"]
[EventDate "2019.10.05"]

1. e4 Nf6 2. Nc3 d5 3. e5 Ne4 4. d4 Nxc3 5. bxc3 c5 6. Nf3 Nc6 7. Be3 Qa5 8. Qd2
c4 9. Be2 Bf5 10. Nh4 Bg6 11. e6 f6 12. f4 O-O-O 13. f5 Be8 14. O-O g5 15. Nf3
a6 16. Rfb1 Na7 17. Qe1 h5 18. a3 Nb5 19. Rb4 Nd6 20. Qf1 Nxf5 21. Bd2 Nd6 22.
Be1 Bc6 23. Bd1 Ne8 24. Qe2 Ng7 25. Bf2 Rd6 26. Qd2 Rxe6 0-1

[Event "Chigorin Memorial 2019"]
[Site "St Petersburg RUS"]
[Date "2019.10.10"]
[Round "6.130"]
[White "Rubtsov, Aleksandr"]
[Black "Stepanov, Artem"]
[Result "1-0"]
[WhiteElo "1883"]
[BlackElo "1401"]
[WhiteFideId "34179272"]
[BlackFideId "34253769"]
[EventDate "2019.10.05"]

1. e4 c5 2. Nf3 g6 3. c4 Nc6 4. d4 cxd4 5. Nxd4 Bg7 6. Be3 Nf6 7. Nc3 d6 8. Be2
O-O 9. O-O Ne5 10. h3 a6 11. Qd2 Re8 12. Rad1 Qc7 13. b3 Bd7 14. Nd5 Qd8 15.
Nxf6+ Bxf6 16. Bg5 Bh8 17. f4 Nc6 18. Nc2 Qb6+ 19. Kh1 Rad8 20. f5 Bc8 21. fxg6
hxg6 22. Qf4 Be6 23. Bg4 Ne5 24. Bxe6 fxe6 25. Qh4 Rd7 26. Nd4 Nxc4 27. Rf7 1-0

[Event "Chigorin Memorial 2019"]
[Site "St Petersburg RUS"]
[Date "2019.10.10"]
[Round "6.131"]
[White "Grekhov, Luka"]
[Black "Shmoilov, Dmitry"]
[Result "1/2-1/2"]
[WhiteElo "1601"]
[BlackElo "1904"]
[WhiteFideId "44129637"]
[BlackFideId "24160342"]
[EventDate "2019.10.05"]

1. d4 Nf6 2. c4 c5 3. d5 b5 4. cxb5 a6 5. bxa6 Bxa6 6. Nc3 g6 7. g3 Bg7 8. Bg2
d6 9. e4 Nbd7 10. Nge2 O-O 11. O-O Qb6 12. Qc2 Rfb8 13. Rd1 Ng4 14. Nf4 Bd4 15.
Rd2 g5 16. Nd3 Bxd3 17. Qxd3 Nde5 18. Qf1 c4 19. h3 Nxf2 20. Rxf2 Nd3 21. Nd1 h6
22. Qe2 Rxa2 23. Rxa2 Nxc1 24. Qxc4 Nxa2 25. Qxa2 Rc8 26. Qb1 Bxf2+ 27. Nxf2 Qe3
28. Qd3 Qc1+ 29. Nd1 Rc2 30. Qf1 Qd2 31. Kh1 Rc1 32. Bf3 Rc2 33. Bg2 Rc1 1/2-1/2

[Event "Chigorin Memorial 2019"]
[Site "St Petersburg RUS"]
[Date "2019.10.10"]
[Round "6.132"]
[White "Khurkhesova, Viktoriya"]
[Black "Frolov, Zakhar"]
[Result "1-0"]
[WhiteElo "1897"]
[BlackElo "1213"]
[WhiteFideId "54115116"]
[BlackFideId "34428380"]
[EventDate "2019.10.05"]

1. d4 d5 2. c4 e6 3. Nc3 Nf6 4. cxd5 exd5 5. Bg5 Be6 6. e3 c5 7. Nf3 Nc6 8. Bb5
a6 9. Bxc6+ bxc6 10. Ne5 Qc7 11. Qa4 Bd7 12. Rc1 Bd6 13. Bxf6 gxf6 14. Nxd7 Qxd7
15. dxc5 Bxc5 16. Ne2 Qd6 17. a3 O-O 18. b4 Ba7 19. Qxc6 Rfd8 20. O-O Bb8 21. g3
Ra7 22. Qxd6 Bxd6 23. Rfd1 Be7 24. Nf4 Rad7 25. Rc6 Rd6 26. Rxd6 Rxd6 27. Rxd5
Rxd5 28. Nxd5 Bd8 29. Kg2 Kf8 30. Kf3 Ke8 31. Ke4 Kd7 32. Kf5 Kc6 33. Nxf6 Kb5
34. Nxh7 1-0

[Event "Chigorin Memorial 2019"]
[Site "St Petersburg RUS"]
[Date "2019.10.10"]
[Round "6.133"]
[White "Smirnov, Yaroslav"]
[Black "Sheynin, Izrail"]
[Result "1/2-1/2"]
[WhiteElo "1570"]
[BlackElo "1871"]
[WhiteFideId "44110839"]
[BlackFideId "4186230"]
[EventDate "2019.10.05"]

1. d4 Nf6 2. Nf3 c5 3. d5 e6 4. Nc3 exd5 5. Nxd5 Nxd5 6. Qxd5 Nc6 7. e4 Be7 8.
Bc4 O-O 9. Ng5 Qe8 10. c3 d6 11. Bb5 a6 12. Ba4 Bd7 13. O-O h6 14. Nf3 b5 15.
Bc2 Be6 16. Qh5 f5 17. Qxe8 Raxe8 18. Re1 f4 19. Bd3 Ne5 20. Nxe5 dxe5 21. a4
Rd8 22. Be2 Rb8 23. axb5 axb5 24. Ra7 Kf7 25. Rd1 Rfd8 26. g3 Rxd1+ 27. Bxd1 g5
28. Bh5+ Kf6 29. Ra6 Rd8 30. Be2 b4 1/2-1/2

[Event "Chigorin Memorial 2019"]
[Site "St Petersburg RUS"]
[Date "2019.10.10"]
[Round "6.134"]
[White "Pereverzev, Timofei"]
[Black "Shinkarov, Artem"]
[Result "0-1"]
[WhiteElo "1479"]
[BlackElo "1845"]
[WhiteFideId "24239500"]
[BlackFideId "54153867"]
[EventDate "2019.10.05"]

1. e4 e6 2. d4 d5 3. Nd2 c5 4. exd5 exd5 5. Ngf3 a6 6. Be2 c4 7. c3 Bd6 8. b3 b5
9. a4 Bb7 10. O-O Nc6 11. Qc2 Nge7 12. Re1 O-O 13. Nf1 Ng6 14. Ne3 Nce7 15. a5
Qd7 16. b4 Rfe8 17. Bf1 Bc7 18. Bd2 Qd6 19. g3 Bc6 20. Re2 Qd7 21. Rae1 f6 22.
h4 Nh8 23. Nf5 Nxf5 24. Rxe8+ Rxe8 25. Bh3 Rxe1+ 26. Nxe1 g6 0-1

[Event "Chigorin Memorial 2019"]
[Site "St Petersburg RUS"]
[Date "2019.10.10"]
[Round "6.136"]
[White "Dudarev, V."]
[Black "De Luna Butz, Alberto"]
[Result "1-0"]
[WhiteElo "2127"]
[BlackElo "1770"]
[WhiteFideId "4124413"]
[BlackFideId "2269007"]
[EventDate "2019.10.05"]

1. d4 c5 2. d5 f5 3. Nc3 Nf6 4. e4 fxe4 5. g4 e6 6. dxe6 dxe6 7. Qxd8+ Kxd8 8.
g5 Nd5 9. Bd2 e3 10. fxe3 Be7 11. Nf3 Nc6 12. O-O-O Rf8 13. Be2 g6 14. h4 Bd7
15. h5 Be8 16. Be1 Kc7 17. Bg3+ Kb6 18. Rxd5 exd5 19. Nxd5+ Ka5 20. Be1+ Ka4 21.
Rh4+ 1-0

[Event "Chigorin Memorial 2019"]
[Site "St Petersburg RUS"]
[Date "2019.10.10"]
[Round "6.137"]
[White "Leonova, Ameliya"]
[Black "Lvov, Nikita"]
[Result "1/2-1/2"]
[WhiteElo "1748"]
[BlackElo "2079"]
[WhiteFideId "13512730"]
[BlackFideId "24200212"]
[EventDate "2019.10.05"]

1. e4 c5 2. Nf3 Nc6 3. Bb5 g6 4. Bxc6 dxc6 5. d3 Bg7 6. h3 e5 7. Be3 b6 8. Nc3
Ne7 9. Qd2 h6 10. O-O Be6 11. a4 a5 12. Qe2 Qc7 13. Nd2 g5 14. Nc4 Ng6 15. Rfb1
Bf6 16. Qf3 Nf4 17. Kh2 h5 18. Bxf4 g4 19. Qe3 exf4 20. Qd2 f3+ 21. e5 Bxe5+ 22.
Nxe5 Qxe5+ 23. Kg1 O-O-O 24. Re1 Qf5 25. Ne4 1/2-1/2

[Event "Chigorin Memorial 2019"]
[Site "St Petersburg RUS"]
[Date "2019.10.10"]
[Round "6.138"]
[White "Zolotyh, Lev"]
[Black "Shalagin, Vladimir"]
[Result "1-0"]
[WhiteElo "1745"]
[BlackElo "2042"]
[WhiteFideId "34133353"]
[BlackFideId "34191990"]
[EventDate "2019.10.05"]

1. e4 c5 2. Nf3 Nc6 3. d4 cxd4 4. Nxd4 g6 5. Nc3 Bg7 6. Be3 d6 7. Qd2 Nf6 8. f3
O-O 9. O-O-O Bd7 10. Kb1 Qa5 11. g4 Rfc8 12. h4 Ne5 13. h5 Nc4 14. Bxc4 Rxc4 15.
hxg6 fxg6 16. Nb3 Qe5 17. Bd4 Qe6 18. Qh2 Qf7 19. Nd5 e5 20. Be3 Rac8 21. Nc3 b5
22. Rd2 Bf8 23. Bg5 b4 24. Nd1 Ne8 25. Ne3 R4c6 26. Qh4 Be6 27. Rdh2 R8c7 28.
Rf2 Qg7 29. Rhh2 Be7 30. Bxe7 Rxe7 31. f4 exf4 32. Nd5 Bxd5 33. exd5 Re1+ 34.
Nc1 g5 35. Qh3 Rc4 36. Re2 Re4 37. Rxe4 Rxe4 38. Qd3 Qe5 39. Rh6 Nc7 40. Qh3 Qe7
41. Qd3 Kg7 42. Rh5 h6 43. a4 Qe5 44. Qh3 Re3 45. Qh2 Qf6 46. Nb3 Nxd5 47. Qd2
f3 48. Qxd5 f2 49. Nd2 Re1+ 50. Ka2 Rd1 51. Rh1 Rg1 52. Qe4 Qf7+ 53. b3 Qf6 54.
Nf1 Qc3 55. Qe7+ Kg8 56. Qe6+ Kg7 57. Qxh6+ 1-0

[Event "Chigorin Memorial 2019"]
[Site "St Petersburg RUS"]
[Date "2019.10.10"]
[Round "6.139"]
[White "Ageeva, Vasilisa"]
[Black "Svidinsky, Dmitry"]
[Result "1/2-1/2"]
[WhiteElo "1742"]
[BlackElo "2033"]
[WhiteFideId "24186120"]
[BlackFideId "24120251"]
[EventDate "2019.10.05"]

1. Nc3 d5 2. e4 dxe4 3. Nxe4 Nd7 4. Nf3 Ngf6 5. Ng3 e6 6. Bc4 Bd6 7. O-O O-O 8.
d4 c5 9. b3 cxd4 10. Qxd4 Bc5 11. Qh4 Be7 12. Bb2 Nd5 13. Qg4 N7f6 14. Qh4 Nd7
15. Qg4 N7f6 16. Qh4 Nd7 17. Qh3 Bf6 18. Bxf6 N7xf6 19. Qh4 b6 20. Bd3 Bb7 21.
Rad1 Qc7 22. Nh5 Nxh5 23. Qxh5 Nf6 24. Qe5 Qxe5 25. Nxe5 Rfd8 26. Rd2 Ne4 27.
Bxe4 Bxe4 28. Rfd1 Rxd2 29. Rxd2 f6 30. Ng4 Rc8 31. c4 Rc7 32. Re2 Bf5 33. Ne3
Rd7 34. h3 Bg6 35. f3 Kf7 1/2-1/2

[Event "Chigorin Memorial 2019"]
[Site "St Petersburg RUS"]
[Date "2019.10.10"]
[Round "6.140"]
[White "Kuznetsov, Mikhail"]
[Black "Trushnikov, Viacheslav"]
[Result "1-0"]
[WhiteElo "1971"]
[BlackElo "1723"]
[WhiteFideId "54126738"]
[BlackFideId "24115185"]
[EventDate "2019.10.05"]

1. Nf3 Nf6 2. c4 g6 3. g3 Bg7 4. Bg2 c5 5. O-O Nc6 6. Nc3 O-O 7. d4 cxd4 8. Nxd4
Nxd4 9. Qxd4 d6 10. e4 Be6 11. Qd3 Rc8 12. b3 b5 13. Nxb5 Nxe4 14. Nd4 Nc5 15.
Qd2 Bd7 16. Bb2 Qb6 17. Bd5 Ne6 18. Rad1 Nxd4 19. Bxd4 Qxd4 20. Qxd4 Bxd4 21.
Rxd4 Bc6 22. Re1 Rfe8 23. Red1 Rc7 24. h4 h5 25. Kf1 Rec8 26. Ke2 Bxd5 27. Rxd5
Rc5 28. R1d3 R8c6 29. Kd2 Kf8 30. Kc3 Ke8 31. Kb4 Rb6+ 32. Kc3 Rbc6 33. f3 a5
34. a3 f6 35. R3d4 e5 36. Rd1 Ke7 37. R1d2 Ke6 38. Rxc5 dxc5 39. Rd8 Kf7 40. b4
axb4+ 41. axb4 cxb4+ 42. Kxb4 g5 43. Kb5 Re6 44. Rh8 g4 45. Rxh5 Kg6 46. fxg4 e4
47. Rf5 Re5+ 48. Rxe5 fxe5 49. Kb4 e3 50. Kc3 e4 51. Kc2 1-0

[Event "Chigorin Memorial 2019"]
[Site "St Petersburg RUS"]
[Date "2019.10.10"]
[Round "6.141"]
[White "Dmitriev, Vladimir"]
[Black "Ananjev, Ilija"]
[Result "1-0"]
[WhiteElo "1951"]
[BlackElo "1741"]
[WhiteFideId "4175069"]
[BlackFideId "34166979"]
[EventDate "2019.10.05"]

1. e4 c5 2. Nc3 d6 3. g3 g6 4. Bg2 Bg7 5. Nge2 Nc6 6. d3 e6 7. Be3 Nge7 8. Qd2
Nd4 9. Rc1 Nxe2 10. Qxe2 Qb6 11. Bd2 Qxb2 12. d4 Qb6 13. Rb1 Qd8 14. dxc5 dxc5
15. Qb5+ Bd7 16. Qxb7 Bc6 17. Qa6 Qd7 18. Rd1 Rd8 19. Qa3 Bd4 20. O-O O-O 21.
Bh6 Rfe8 22. Bg5 Qb7 23. Rfe1 f6 24. Rb1 Qa8 25. Be3 f5 26. Nb5 Rd7 27. c3 Bxe3
28. Rxe3 Red8 29. Qxc5 Rd1+ 30. Re1 Rxb1 31. Rxb1 Bxe4 32. Nc7 Rc8 33. Qxe7 Qc6
34. Nxe6 1-0

[Event "Chigorin Memorial 2019"]
[Site "St Petersburg RUS"]
[Date "2019.10.10"]
[Round "6.142"]
[White "Davidov, Alexey"]
[Black "Guseva, Oksana"]
[Result "0-1"]
[WhiteElo "1658"]
[BlackElo "1925"]
[WhiteFideId "34106410"]
[BlackFideId "34400940"]
[EventDate "2019.10.05"]

1. e4 c5 2. Nf3 Nc6 3. Bb5 a6 4. Bxc6 dxc6 5. h3 Nf6 6. d3 g6 7. O-O Bg7 8. Nc3
O-O 9. a4 Qc7 10. Be3 Nd7 11. Qc1 b6 12. Bh6 Ne5 13. Nh2 f6 14. Bxg7 Kxg7 15. f4
Nf7 16. Ne2 Qd6 17. Qe3 Ra7 18. Rf3 e5 19. Raf1 exf4 20. Rxf4 Ne5 21. Kh1 Raf7
22. Qg3 f5 23. exf5 Bxf5 24. Nf3 Nxf3 25. R1xf3 Qe5 26. Re3 Qxb2 27. c3 Qb3 28.
Rc4 Qd1+ 29. Kh2 Bxd3 30. Qe5+ Kg8 31. Rh4 Bxe2 32. Rxe2 Qd5 0-1

[Event "Chigorin Memorial 2019"]
[Site "St Petersburg RUS"]
[Date "2019.10.10"]
[Round "6.143"]
[White "Sorokin, Artem"]
[Black "Petrova, Varvara"]
[Result "1-0"]
[WhiteElo "1904"]
[BlackElo "1647"]
[WhiteFideId "44133561"]
[BlackFideId "54191254"]
[EventDate "2019.10.05"]

1. e4 e6 2. d4 d5 3. Nc3 Bb4 4. e5 c5 5. a3 Bxc3+ 6. bxc3 Ne7 7. Qg4 cxd4 8.
Qxg7 Rg8 9. Qxh7 Qc7 10. Ne2 Nbc6 11. f4 Bd7 12. Qd3 dxc3 13. Nxc3 a6 14. Ne2
Nf5 15. Bd2 O-O-O 16. Rb1 Na5 17. Nd4 Nc4 18. Nxf5 exf5 19. g3 Qc5 20. Bb4 Qa7
21. Qxd5 Qe3+ 22. Be2 Be6 23. Qc5+ Qxc5 24. Bxc5 b5 25. Bd3 Kc7 26. a4 Kc6 27.
Bb4 Rb8 28. O-O Ne3 29. Rfe1 Ng4 30. Bd6 Rb6 31. axb5+ axb5 32. h3 Nh6 33. Kf2
Bd5 34. Red1 Be6 35. Be2 b4 36. Bf3+ 1-0

[Event "Chigorin Memorial 2019"]
[Site "St Petersburg RUS"]
[Date "2019.10.10"]
[Round "6.144"]
[White "Zhapova, Yana"]
[Black "Lebedev, Artem S."]
[Result "1/2-1/2"]
[WhiteElo "1878"]
[BlackElo "1561"]
[WhiteFideId "24278670"]
[BlackFideId "34272747"]
[EventDate "2019.10.05"]

1. e4 e5 2. Nf3 Nc6 3. Bb5 a6 4. Bxc6 dxc6 5. Nc3 f6 6. d4 exd4 7. Nxd4 c5 8.
Nde2 Qxd1+ 9. Nxd1 Bd7 10. Bf4 O-O-O 11. Ne3 Ne7 12. h4 Ng6 13. Bg3 Ne5 14. Rd1
Bd6 15. f3 Rhe8 16. Kf2 Be6 17. b3 Kb8 18. Nf4 Bd7 19. Nfd5 Bc6 20. Nf5 Bxd5 21.
Rxd5 g6 22. Nxd6 cxd6 23. Rhd1 Kc7 24. Bf4 b6 25. Bd2 Nc6 26. Bc3 Re6 27. R5d2
Rde8 28. Rd3 f5 29. exf5 gxf5 30. R3d2 f4 31. h5 Ne7 32. g4 fxg3+ 33. Kxg3 Nf5+
34. Kf2 Re3 35. Bf6 R3e6 36. Bc3 Rg8 37. b4 Nh4 38. bxc5 bxc5 39. Ba5+ Kc6 40.
Rb1 Nxf3 41. Rb6+ Kd7 42. Kxf3 Rf6+ 43. Ke2 Re8+ 44. Kd3 Rf3+ 45. Kc4 Re4+ 46.
Kd5 Re5+ 1/2-1/2

[Event "Chigorin Memorial 2019"]
[Site "St Petersburg RUS"]
[Date "2019.10.10"]
[Round "6.145"]
[White "Terman, Alexander"]
[Black "Gubatayeva, Ayshe"]
[Result "0-1"]
[WhiteElo "1577"]
[BlackElo "1870"]
[WhiteFideId "44157363"]
[BlackFideId "14005913"]
[EventDate "2019.10.05"]

1. d4 Nf6 2. c4 g6 3. Nc3 Bg7 4. e4 d6 5. f3 O-O 6. Be3 e5 7. Qd2 exd4 8. Bxd4
Nc6 9. Be3 Ne5 10. h4 Be6 11. b3 Nh5 12. Nge2 Qd7 13. O-O-O a5 14. Nd4 a4 15. g4
Ng3 16. Rh2 axb3 17. axb3 Nxf1 18. Rxf1 Bxc4 19. bxc4 Nxc4 20. Qd3 Ra1+ 21. Nb1
Nxe3 22. Qxe3 Bxd4 23. Qxd4 Rxb1+ 24. Kxb1 Qb5+ 0-1

[Event "Chigorin Memorial 2019"]
[Site "St Petersburg RUS"]
[Date "2019.10.10"]
[Round "6.146"]
[White "Chetyrev, Dmitry"]
[Black "Lakshyesh, Mohan Gupta"]
[Result "0-1"]
[WhiteElo "1869"]
[BlackElo "1635"]
[WhiteFideId "24175323"]
[BlackFideId "45049114"]
[EventDate "2019.10.05"]

1. e4 d5 2. exd5 Nf6 3. d4 Bg4 4. Be2 Bxe2 5. Nxe2 Qxd5 6. O-O Nc6 7. Bf4 O-O-O
8. Nbc3 Qh5 9. Bg3 e5 10. a4 a6 11. Qd3 exd4 12. Nf4 Qc5 13. Nce2 g5 14. Nh3 h5
15. f4 Nb4 16. Qb3 d3+ 17. Bf2 Qxc2 18. Nd4 Qxb3 19. Nxb3 gxf4 20. Nxf4 Ng4 21.
Bd4 Rxd4 22. Nxd4 Bc5 23. h3 Bxd4+ 24. Kh1 Nf2+ 25. Kh2 d2 26. Ne2 Be5+ 27. Kg1
d1=Q 28. Rfxd1 Nxd1 29. Rxd1 Rd8 0-1

[Event "Chigorin Memorial 2019"]
[Site "St Petersburg RUS"]
[Date "2019.10.10"]
[Round "6.147"]
[White "Timirev, Sergey"]
[Black "Shkuratov, Vladimir"]
[Result "0-1"]
[WhiteElo "1613"]
[BlackElo "1869"]
[WhiteFideId "24181676"]
[BlackFideId "44158190"]
[EventDate "2019.10.05"]

1. d4 Nf6 2. c4 g6 3. Nc3 Bg7 4. e4 d6 5. h3 O-O 6. Bg5 Na6 7. Qd2 e5 8. d5 Qe8
9. Bd3 Nh5 10. Nge2 f5 11. Bh6 f4 12. Bxg7 Kxg7 13. Ng1 c6 14. O-O-O cxd5 15.
Nxd5 Nf6 16. Nxf6 Rxf6 17. Kb1 Be6 18. f3 Qc6 19. Rc1 Nc5 20. Ne2 Rf7 21. b3 a5
22. Kb2 a4 23. Ra1 Qb6 24. Qc3 axb3 25. axb3 Na4+ 26. Rxa4 Rxa4 27. Ra1 Rxa1 28.
Kxa1 Rf8 29. Kb2 g5 30. b4 Kf6 31. h4 h6 32. g3 fxg3 33. hxg5+ hxg5 0-1

[Event "Chigorin Memorial 2019"]
[Site "St Petersburg RUS"]
[Date "2019.10.10"]
[Round "6.148"]
[White "Erin, Aleksandr V."]
[Black "Dushin, Nikolay"]
[Result "0-1"]
[WhiteElo "1612"]
[BlackElo "1856"]
[WhiteFideId "24272710"]
[BlackFideId "4114612"]
[EventDate "2019.10.05"]

1. e4 c6 2. Nf3 d5 3. Nc3 e6 4. d3 Bb4 5. Bd2 Nf6 6. g3 O-O 7. Qe2 b6 8. Bg2 Bb7
9. O-O-O d4 10. Nb1 Bxd2+ 11. Nfxd2 e5 12. f4 c5 13. Rdg1 Nc6 14. h4 b5 15. h5
Bc8 16. Bf3 Ne8 17. Bg4 Nd6 18. Bxc8 Rxc8 19. Nf3 f6 20. Nbd2 Qc7 21. f5 h6 22.
Kb1 Nb4 23. a3 Na6 24. Rc1 c4 25. Nh4 Qb7 26. b3 Rc7 27. Ka2 Rfc8 28. Kb1 Nc5
29. dxc4 Ncxe4 30. Nxe4 Nxe4 31. Qg2 bxc4 32. b4 a5 33. Rhe1 Nc3+ 34. Ka1 axb4
35. Qxb7 Rxb7 36. a4 Ra8 37. Rcd1 Rxa4+ 0-1

[Event "Chigorin Memorial 2019"]
[Site "St Petersburg RUS"]
[Date "2019.10.10"]
[Round "6.149"]
[White "Kudryavtseva, Anastasia"]
[Black "Smorodkin, Kirill"]
[Result "0-1"]
[WhiteElo "1501"]
[BlackElo "1848"]
[WhiteFideId "44166320"]
[BlackFideId "44176678"]
[EventDate "2019.10.05"]

1. d4 Nf6 2. c4 g6 3. Nc3 d5 4. cxd5 Nxd5 5. e4 Nxc3 6. bxc3 Bg7 7. Nf3 c5 8.
Be2 Nc6 9. Be3 Bg4 10. e5 cxd4 11. cxd4 Qa5+ 12. Qd2 Qxd2+ 13. Nxd2 Bxe2 14.
Kxe2 O-O 15. f4 Rfd8 16. Nf3 Rd5 17. Rab1 Ra5 18. Rb2 Rd8 19. Rc1 Rd7 20. f5 h6
21. g4 Bf8 22. Rcc2 Ra3 23. Rb3 Rxb3 24. axb3 e6 25. f6 Rc7 26. Bd2 a5 27. Bxa5
Rc8 28. Bd2 Ra8 29. h4 Ra3 30. Rb2 Ra1 31. g5 h5 32. Ke3 Ba3 33. Rc2 Rb1 34. Rc3
Bb4 35. Rd3 Rb2 36. Bc1 Rb1 37. Bd2 Kf8 38. Ke4 Ke8 39. Bxb4 Nxb4 40. Rc3 Nd5
41. Rd3 Rb2 42. Ng1 Rg2 43. Rd1 Rg3 44. Re1 Nc3+ 45. Kf4 Rxg1 0-1

[Event "Chigorin Memorial 2019"]
[Site "St Petersburg RUS"]
[Date "2019.10.10"]
[Round "6.150"]
[White "Shojhet, Sofiy"]
[Black "Zhuravlev, Mikhail"]
[Result "1-0"]
[WhiteElo "1813"]
[BlackElo "1577"]
[WhiteFideId "24172405"]
[BlackFideId "34430237"]
[EventDate "2019.10.05"]

1. e4 e5 2. Nf3 Nf6 3. d3 Nc6 4. g3 Bc5 5. Bg2 d6 6. O-O O-O 7. c3 a5 8. Nbd2
Be6 9. h4 Qd7 10. Nh2 Ng4 11. Ndf3 Nxh2 12. Kxh2 Bg4 13. Qc2 f5 14. Ng5 f4 15.
Qb3+ Kh8 16. f3 fxg3+ 17. Kxg3 h6 18. fxg4 Rxf1 19. Bxf1 hxg5 20. Bxg5 Rf8 21.
Be2 a4 22. Qxa4 Rf2 23. Qd1 Qf7 24. b4 Nd4 25. cxd4 Bxd4 26. Rc1 Qxa2 27. Rc2
Qf7 28. Bf3 Rxc2 29. Qxc2 1-0